Statistics for Countries inside the shape of China on a World Map

Click here to take the quiz!

General Stats

  • This quiz has been taken 781 times
  • The average score is 31 of 32

Answers on the Map

Answers color-coded by a green-red scale on the quiz's map according to % correct below.
 

Answer Stats

Country% Correct
France
100%
Italy
100%
Portugal
99%
Spain
99%
United Kingdom
99%
Algeria
98%
Egypt
98%
Greece
98%
Morocco
98%
Romania
98%
Ukraine
98%
Albania
97%
Belarus
97%
Bosnia and Herzegovina
97%
Croatia
97%
Libya
97%
Russia
97%
Serbia
97%
Tunisia
97%
Turkey
97%
Vatican City
97%
Andorra
96%
Bulgaria
96%
Kosovo
96%
Moldova
96%
Monaco
96%
Montenegro
96%
North Macedonia
96%
San Marino
96%
Hungary
95%
Malta
95%
Chad
90%

Score Distribution

Percentile by Number Answered

Percent of People with Each Score

Your Score History

You have not taken this quiz